000 00318pam a2200133a 44500
008 230405s2005 xxu||||| |||| 00| 0 eng d
041 _aENG
100 _aCARTER S J
245 _aTUTORIAL PHARMACY (COOPER)
250 _a1
260 _aNEW YORK
_bJOHN WILLY & SONS NEW YORK
_c2005
300 _a469
906 _a3834
999 _c269273
_d269273